00922naa a22002537a 4500001001000000003000900010005001700019007000300036008003400039040005400073041000800127072000800135100001800143111008300161245010500244260003600349500010100385650002300486650001200509650001000521650002100531650001600552773010000568BR7904338BR-BrBNA20240918174421.0ta230509b bl.||||| |||| 00| 0 por d aBR-BrBNAbporcBiblioteca Nacional de Agricultura a(n) aH701 aKennedy, B.W.1 a1. Latin America Worksho on Seed PathologycLondrina, PR (Brazil)d10 Apr 19771 aThe occurrence of Aspergillus spp. on stored seeds [Fungo; Aspergilose; Produto armazenado; Semente]3 aLondrina, PR (Brasil): c1979.  aSeed pathology, problems and progress Londrina, PR (Brasil): 1979. p. 257-261 (BR7904338-AM)H70  aProduto armazenado aSemente aFungo aDoenca de planta aAspergilose0 tSeed pathology, problems and progressbwH70 BR7904338gLondrina, PR (Brasil), 1979. p. 257-261